All Piston Cup Winners - Statistics

General Stats
  • This quiz has been taken 534 times
  • The average score is 32 of 79
Answer Stats
Hint Answer % Correct
2006 Lightning McQueen
97%
2007 Lightning McQueen
97%
2009 Lightning McQueen
97%
2010 Lightning McQueen
97%
2012 Lightning McQueen
97%
2013 Lightning McQueen
97%
2015 Lightning McQueen
97%
1951 Doc Hudson
89%
1952 Doc Hudson
89%
1953 Doc Hudson
89%
1971 Strip Weathers
86%
1972 Strip Weathers
86%
1974 Strip Weathers
86%
1975 Strip Weathers
86%
1979 Strip Weathers
86%
1998 Strip Weathers
86%
2001 Strip Weathers
86%
2016 Jackson Storm
84%
2019 Jackson Storm
84%
2017 Cruz Ramirez
79%
2018 Cruz Ramirez
79%
2020 Cruz Ramirez
79%
2005 Chick Hicks
76%
2008 Cal Weathers
62%
2011 Cal Weathers
39%
2004 Dale Earnhardt Jr
39%
1980 Dale Earnhardt Sr
39%
1986 Dale Earnhardt Sr
39%
1987 Dale Earnhardt Sr
39%
1981 Darrell Cartrip
28%
1982 Darrell Cartrip
28%
1985 Darrell Cartrip
28%
1958 Junior Moon
28%
1990 Klint Shiftright
24%
1991 Klint Shiftright
24%
1993 Klint Shiftright
24%
1957 Louise Nash
24%
1977 Kraig Shiftright
23%
1978 Kraig Shiftright
23%
1961 Kurt Shiftright
23%
1962 Mario Andretti
23%
1966 Mario Andretti
23%
1956 River Scott
22%
1949 Jack Ford
21%
1960 Morris Axler
20%
1967 Morris Axler
20%
1959 Slide Powers
20%
1968 Slide Powers
20%
1992 Haul Inngas
19%
1954 LeRoy Heming
19%
1999 Murray Clutchburn
19%
1976 Andrew Axler
18%
2014 Brick Yardley
18%
1963 Bobby Carsac
16%
1970 Bobby Carsac
16%
2021 Daniel Swervez
16%
1941 Ya Chun Fei
16%
1947 Ya Chun Fei
16%
1950 Ya Chun Fei
16%
2000 Chuck Armstrong
15%
1984 Don Chapcar
15%
1988 Don Chapcar
15%
2002 Billy Oilchanger
14%
1994 Ernie Gearson
14%
1983 Alloy Wilson
13%
1989 Alloy Wilson
13%
2022 Flip Dover
13%
2003 Ruby Oaks
13%
1973 Thomas Tireson
13%
1996 Eugene Carbureski
12%
1940 Jay Roper
12%
1964 Joe Allen Foyt
11%
1969 Joe Allen Foyt
11%
1965 Ronald Oaks
11%
1946 Blue Byrev
10%
1997 James Cleanair
10%
1955 Rusty Dipstick
9%
1948 Percy Barbel
8%
1995 Mike Yankee
5%
No matching quizzes found
Score Distribution
Percent of People with Each Score
Percentile by Number Answered
Your Score History
You have not taken this quiz